The Impact of Malnutrition on Immune Defense in Parasitic Infestation (Record no. 17532)
[ view plain ]
| 000 -LEADER | |
|---|---|
| fixed length control field | 00329 a2200133 4500 |
| 035 ## - SYSTEM CONTROL NUMBER | |
| System control number | 3463 |
| 100 ## - VEDETTE PRINCIPALE - NOM DE PERSONNE | |
| Personal name | Nestlé Foundation |
| 245 ## - TITLE STATEMENT | |
| Title | The Impact of Malnutrition on Immune Defense in Parasitic Infestation |
| 260 ## - PUBLICATION, DISTRIBUTION, ETC. (IMPRINT) | |
| Date of publication, distribution, etc | 1981 |
| 300 ## - PHYSICAL DESCRIPTION | |
| Extent | 199 p. |
| Withdrawn status | Lost status | Damaged status | Not for loan | Location (home branch) | Sublocation or collection (holding branch) | Date acquired | Koha issues (times borrowed) | Koha full call number | Koha date last seen | Price effective from | Koha item type |
|---|---|---|---|---|---|---|---|---|---|---|---|
| Bibliothèque Faculté des Sciences de la Santé | Bibliothèque Faculté des Sciences de la Santé | 27/02/2009 | WB 400 NES | 27/02/2009 | 27/02/2009 | Livre |